00782nam a2200217 a 4500001000800000005001700008008004100025041000800066044000800074050002100082245019300103260004000296300004900336500003400385500001000419650002500429650001700454700004000471700003400511700001900545BRL_17120190320210622.0720413s1961 nyuab#####---#000-0deng-# aeng anyu 4aDG533b.H67 196110aThe Horizon book of the Renaissancecby the editors of Horizon magazine ; editor in charge Richard M. Ketchum ; author J. H. Plumb ; with biographical essays by Morris Bishop ... [et al.]. aNueva YorkbAmerican Heritagec1961 a431 p.bil. (algunas a color), mapasc31 cm. aIncluye índice alfabético aAu19314aRenacimientozItalia14aArtezItalia1 aKetchum, Richard M.d1922-2012eed.1 aPlumb, John Haroldd1911-20011 aBishop, Morris